Loading...
| Philosophy | 0 | 8 | 0 | 3 | 80 | 70 | 98.38 | 0 | 4 | 0.00 | 0.00 |
| Literature - European | 0 | 7 | 0 | 1 | 70 | 23 | 58.57 | 5 | 6 | 0.00 | 0.00 |
| Literature - American | 0 | 7 | 1 | 0 | 65 | 51 | 83.71 | 2 | 4 | 0.00 | 0.00 |
| Literature - British | 0 | 6 | 1 | 0 | 55 | 47 | 62.67 | 5 | 6 | 0.00 | 0.00 |
| Literature - World/Other | 0 | 5 | 1 | 0 | 45 | 44 | 71.00 | 3 | 4 | 0.00 | 0.00 |
| Fine Arts - Classical Music | 0 | 4 | 1 | 0 | 35 | 60 | 84.50 | 1 | 2 | 0.00 | 0.00 |
| Fine Arts - Visual | 0 | 3 | 0 | 0 | 30 | 82 | 95.33 | 1 | 2 | 0.00 | 0.00 |
| History - World | 0 | 3 | 0 | 0 | 30 | 40 | 54.33 | 0 | 2 | 0.00 | 0.00 |
| History - European | 0 | 3 | 1 | 1 | 25 | 82 | 98.33 | 0 | 3 | 0.00 | 0.00 |
| Mythology | 0 | 2 | 0 | 0 | 20 | 28 | 55.50 | 1 | 1 | 0.00 | 0.00 |
| Fine Arts - Other | 0 | 1 | 0 | 0 | 10 | 93 | 93.00 | 0 | 0 | 0.00 | 0.00 |
| Pop Culture | 0 | 1 | 0 | 0 | 10 | 86 | 86.00 | 0 | 0 | 0.00 | 0.00 |
| Science - Chemistry | 0 | 1 | 0 | 0 | 10 | 75 | 75.00 | 0 | 0 | 0.00 | 0.00 |
| Geography/Current Events | 0 | 1 | 1 | 0 | 5 | 64 | 64.00 | 0 | 1 | 0.00 | 0.00 |
| History - American | 0 | 1 | 1 | 0 | 5 | 64 | 64.00 | 1 | 1 | 0.00 | 0.00 |
| Religion | 0 | 0 | 1 | 0 | -5 | 0.00 | 0 | 0 | 0.00 | 0.00 | |
| Other Academic | 0 | 0 | 1 | 0 | -5 | 0.00 | 0 | 0 | 0.00 | 0.00 |